000 00490nam a2200205Ia 4500
003 0100
008 130227s9999 xx 000 0 und d
040 _cARRUPELIB
050 _aBX1912.2B87 1994
100 _aByrne, Lavinia
245 _aWoman at the alter
245 _bthe ordination of women in the Roman Catholic Church
260 _aLondon
260 _bMowbray
260 _C1994
300 _a132p.
300 _b 22cm.
650 _bPhilosophy, Modern
942 _2lcc
_01
999 _c4205
_d4205